Trakų miesto ir aplinkinių teritorijų gyventojų amžiaus ir lyties struktūros dinamika XX amžiuje
| Titel: | Trakų miesto ir aplinkinių teritorijų gyventojų amžiaus ir lyties struktūros dinamika XX amžiuje |
|---|---|
| Verfasser: | |
| Beteiligt: | |
| In: |
Geografijos metraštis, Band 34, Heft 1 (2001), Seite 152-163, Tab. alle Artikel anzeigen |
| Veröffentlicht: | 2001 |
| Format: | Aufsatz |
| Sprache: | Litauisch |
X
alg: 39198461 001A $01999:11-11-16 001B $01999:16-05-21 $t20:18:05.000 001C $06050:19-11-16 $t09:31:06.000 001D $01999:11-11-16 001U $0utf8 001X $00 002@ $0Aox 003@ $0391984616 007A $0391984616 $aHEB 007T $0Herdc0071677v 010@ $alit 011@ $a2001 021A $aTrakų miesto ir aplinkinių teritorijų gyventojų amžiaus ir lyties struktūros dinamika XX amžiuje 028A $aStanaitis $dSaulius 028B/01 $aBirgelytė $dAušra 031A $d34 $e1 $h152-163, Tab. $j2001 037A $aengl. Res. 039B $aIn $8--Abvc--. Geografijos metraštis. - Vilnius : Akad., 1981-. - ISSN 0132-3156 $x200100000340001848 $9048472980 045F $a307.094793 $eDDC23BSB 045F/01 $a307.09 045F/03 $g4793 045T $a14 lok: 39198461 78 exp: 39198461 78 1 #EPN 201B/01 $009-07-21 $t22:44:11.000 201U/01 $0utf8 203@/01 $0788080504 208@/01 $a11-11-16 $be 209A/01 $a/ $f000 $x00 220C/01 $aTitelaufnehmer: it 220C/01 $aHerkunft: LII Vilnius / Irena Tumelytė 244Z/01 $2Trx $#Litauen $#Lithuania $#Litwa $#Litva $#Litva $8--Trx--Lietuva $x01 $9391193457 244Z/01 $#Troki $#Troki Nowe $#Trakaj $74060601-6 $8--Tg1--Trakai $x02 $9085168254 244Z/01 $aGeschichte 1900-1999 $x03 244Z/01 $2Trx $#rahvastik liikumine ja struktuur $#gyventojai $#population migration, social stratification of the population $#népesség mozgalom és struktúra $#ludność ruch naturalny i struktura $#obyvateľstvo pohyb a štruktúra obyvateľstva $#obyvatelstvo pohyb a struktura obyvatelstva $#Sozialstruktur $#struktura społeczna $8--Trx--Bevölkerung$gBewegung und Struktur $x04 $9391372521 244Z/01 $2Trx $8--Trx--Zeitschriftenaufsatz $x05 $9391384341 245Z/01 $a13.02 $x01 247C/01 $82080>Marburg/Lahn, Herder-Institut, Forschungsbibliothek, Bibliographieportal $9336309341
| LEADER | 00000caa a22000002c 4500 | ||
|---|---|---|---|
| 001 | 391984616 | ||
| 003 | DE-603 | ||
| 005 | 20210516201805.0 | ||
| 007 | tu | ||
| 008 | 161111s2001 xx |||| | u00||u|lit c | ||
| 035 | |a (DE-599)HEB391984616 | ||
| 040 | |a DE-603 |b ger |c DE-603 |d DE-603 | ||
| 041 | |a lit | ||
| 082 | 0 | 4 | |8 1\u |a 307.094793 |q DE-101 |2 23/BSB |
| 084 | |a 14 |2 ssgn | ||
| 085 | |8 1\u |b 307.09 | ||
| 085 | |8 1\u |z 2 |s 4793 | ||
| 100 | 1 | |a Stanaitis, Saulius | |
| 245 | 0 | 0 | |a Trakų miesto ir aplinkinių teritorijų gyventojų amžiaus ir lyties struktūros dinamika XX amžiuje |
| 264 | 0 | |c 2001 | |
| 500 | |a engl. Res. | ||
| 700 | 1 | |a Birgelytė, Aušra | |
| 773 | 0 | 8 | |i In |t Geografijos metraštis |d Vilnius : Akad., 1981- |x 0132-3156 |g Band 34, Heft 1 (2001), Seite 152-163, Tab. |w (DE-603)048472980 |w (DE-600)990309-4 |
| 924 | 0 | |9 2080 |a (DE-603)788080504 |b DE-2080 |c HES |d d |g / | |


